Score 0/9 Timer 03:00
0 Plays Today
Price Menu Item % Correct
.10French Fries
96.8%
.10Coca Cola
92.4%
.15Hamburger
88.8%
.19CheeseBurger
86.3%
.20Milk Shake
71.9%
.10Milk
69.1%
.10Coffee
65.5%
.10Orangeaid
59.7%
.10Root Beer
51.8%
Remove Ads.
Support Sporcle.
Get the best of Sporcle when you Go Orange. This ad-free experience offers more features, more stats, and more fun while also helping to support Sporcle. Thank you for becoming a member.

You're not logged in!

Compare scores with friends on all Sporcle quizzes.
OR
Log In

Show Comments

Extras

Top Quizzes Today


Score Distribution

Your Account Isn't Verified!

In order to create a playlist on Sporcle, you need to verify the email address you used during registration. Go to your Sporcle Settings to finish the process.

Report this User

Report this user for behavior that violates our Community Guidelines.

Details: